000 00600nam a2200229Ia 4500
003 OSt
005 20220923230655.0
006 a|||||r|||| 00| 0
007 ta
008 Pun
024 _a304,657
037 _cTextual
040 _aARTS
_cARTS
_bPun
041 _2Pun
_aPun
082 _aV58:21wM7, 153L0
100 _aਸਿੱਘ, ਗ਼ਗਗ਼ੀਤ
245 0 _aਸੂਝ - ਸੰਚਙ
260 _c1970
650 _aਭਾਰਤੀਯ ਇਤਿਹਾਸ
942 _hV58:21wM7, 153L0
_cTEXL
_2CC
999 _c386464
_d386464